Justicia penal y nuevas formas de delicuencia

Gespeichert in:
Bibliographische Detailangaben
Hauptverfasser: Asencio Mellado, José María (VerfasserIn), Fernández López, Mercedes (VerfasserIn)
Format: Buch
Sprache:Spanisch
Veröffentlicht: Valencia Universitat de Valencia 2017
Valencia Tirant Lo Blanch 2017
Ausgabe:1a. ed
Schriftenreihe:Monografías
Schlagworte:
Tags: Tag hinzufügen
Keine Tags, Fügen Sie den ersten Tag hinzu!

MARC

LEADER 00000cam a2200000 a 4500
001 UCC7645
003 CL-VaPUC
008 190427e20170000sp |||||||||||||||||spa|d
020 |a 9788491198000 
082 0 4 |a 345  |b ASE  |2 21 
100 0 |a Asencio Mellado, José María  |e author  |9 602318 
700 0 |a Fernández López, Mercedes  |e author  |9 602319 
245 1 0 |a Justicia penal y nuevas formas de delicuencia 
250 |a 1a. ed 
300 |a 362 p 
942 |c BK 
945 |d 20190427 02:22:00  |a dcastane 
260 |a Valencia  |b Universitat de Valencia  |c 2017 
260 |a Valencia  |b Tirant Lo Blanch  |c 2017 
650 7 |a DERECHO PENAL  |2 CL-VaPUC  |9 11 
650 0 |a Delitos  |9 224143 
650 0 |a Delitos contra la vida privada  |9 524396 
650 0 |a Delitos informáticos   |9 371882 
583 |a last modification  |c 20190427 02:22:00  |k Rodrigo Vera 
490 0 |a Monografías 
999 |c 374238  |d 374236 
952 |0 0  |1 0  |3 erb  |4 0  |6 345_000000000000000_ASE_2017_2017  |7 0  |8 A  |9 492727  |a BIBDER  |b BIBDER  |i 5544548  |l 1  |o 345 ASE 2017 2017  |p 5544548  |r 2023-01-25  |s 2022-06-13  |w 2019-11-24  |y BK  |z Catalogado en:20190427  |k DER